|
|
|
|
| LEADER |
01576nam a2200409 a 4500 |
| 001 |
EBC165981 |
| 003 |
MiAaPQ |
| 005 |
20200520144314.0 |
| 006 |
m o d | |
| 007 |
cr cn||||||||| |
| 008 |
001219s2000 enk sb 001 0 eng |
| 010 |
|
|
|z 00038249
|
| 015 |
|
|
|a GBA0-74264
|
| 016 |
7 |
|
|a 0415231213
|2 Uk
|
| 020 |
|
|
|z 0415231213
|
| 035 |
|
|
|a (MiAaPQ)EBC165981
|
| 035 |
|
|
|a (Au-PeEL)EBL165981
|
| 035 |
|
|
|a (CaPaEBR)ebr5002083
|
| 035 |
|
|
|a (CaONFJC)MIL32650
|
| 035 |
|
|
|a (OCoLC)264508523
|
| 040 |
|
|
|a MiAaPQ
|c MiAaPQ
|d MiAaPQ
|
| 050 |
|
4 |
|a HD62.37
|b .C67 2000
|
| 082 |
0 |
4 |
|a 620.0068
|2 21
|
| 100 |
1 |
|
|a Costello, Neil.
|
| 245 |
1 |
0 |
|a Stability and change in high-tech enterprises
|h [electronic resource] :
|b organisational practices and routines /
|c Neil Costello.
|
| 260 |
|
|
|a London :
|b Routledge,
|c 2000.
|
| 300 |
|
|
|a ix, 159 p.
|
| 490 |
1 |
|
|a Routledge studies in business organizations and networks ;
|v 15
|
| 504 |
|
|
|a Includes bibliographical references and index.
|
| 533 |
|
|
|a Electronic reproduction. Ann Arbor, MI : ProQuest, 2015. Available via World Wide Web. Access may be limited to ProQuest affiliated libraries.
|
| 650 |
|
0 |
|a High technology industries
|x Management
|v Case studies.
|
| 650 |
|
0 |
|a Organizational change
|v Case studies.
|
| 650 |
|
0 |
|a Small business
|x Management
|v Case studies.
|
| 655 |
|
4 |
|a Electronic books.
|
| 710 |
2 |
|
|a ProQuest (Firm)
|
| 830 |
|
0 |
|a Routledge studies in business organization and networks ;
|v 15.
|
| 856 |
4 |
0 |
|u https://ebookcentral.proquest.com/lib/matrademy/detail.action?docID=165981
|z Click to View
|